000 00378nam a22001577a 4500
003 MPLRDC
005 20220104150425.0
008 210129b ||||| |||| 00| 0 eng d
082 _a220.7 SSS
100 _a释从慈编述
245 _a佛学基本知识
_c
260 _a
_b佛陀教育基金会
_c1989
300 _b
650 _a佛教杂论
942 _cBK
_o220.7 SSS
999 _c51863
_d51853